[Event "SVK-chT2D 1718"]
[Site "Slovakia"]
[Date "2018.01.13"]
[Round "5.8"]
[White "Janurik, Michal"]
[Black "Antal, Jakub"]
[Result "0-1"]
[WhiteElo "1683"]
[BlackElo "1837"]
[PlyCount "84"]
[EventDate "2017.10.28"]
[EventType "team-tourn"]
[EventRounds "11"]
[EventCountry "SVK"]
[SourceTitle "EXT 2019"]
[Source "ChessBase"]
[SourceDate "2018.10.10"]
[SourceVersion "1"]
[SourceVersionDate "2018.10.10"]
[SourceQuality "1"]
[WhiteTeam "Kosice Slavia UPJS III"]
[BlackTeam "Kosice Slavia TU IV"]
[WhiteTeamCountry "SVK"]
[BlackTeamCountry "SVK"]

1. f4 c5 2. c3 Nf6 3. Nf3 g6 4. d4 cxd4 5. Nxd4 Bg7 6. Qc2 d5 7. Nd2 Nbd7 8. e4 dxe4 9. Nxe4 Nxe4 10. Qxe4 0-0 11. Be3 e5 12. fxe5 Nxe5 13. 0-0-0 Qa5 14. Kb1 Rd8 15. Be2 Bd7 16. Nb3 Qc7 17. Nd4 Rac8 18. g4 a6 19. h3 Nc6 20. Rhf1 Nxd4 21. Bxd4 Bc6 22. Qf4 Bxd4 23. Rxd4 Qxf4 24. Rfxf4 Rxd4 25. Rxd4 Re8 26. Bd3 g5 27. Bf5 Re3 28. h4 gxh4 29. Rd6 Kg7 30. g5 Be4+ 31. Bxe4 Rxe4 32. Rh6 Rg4 33. Kc2 Rxg5 34. Rxh4 Rg2+ 35. Kb3 f5 36. a4 Kg6 37. Rb4 h5 38. Rxb7 h4 39. Rb6+ Kg5 40. Rxa6 h3 41. Ra8 Rg4 42. Rd8 h2 0-1

[Event "SVK-chT2D 1516"]
[Site "Slovakia"]
[Date "2016.02.14"]
[Round "9.6"]
[White "Janurik, Michal"]
[Black "Kardis, Benjamin"]
[Result "1/2-1/2"]
[WhiteElo "1698"]
[BlackElo "1644"]
[PlyCount "23"]
[EventDate "2015.10.17"]
[EventType "team-tourn"]
[EventRounds "11"]
[EventCountry "SVK"]
[SourceTitle "EXT 2017"]
[Source "ChessBase"]
[SourceDate "2016.10.25"]
[SourceVersion "1"]
[SourceVersionDate "2016.10.25"]
[SourceQuality "1"]
[WhiteTeam "Kosice Slavia UPJS III"]
[BlackTeam "Presov Tatran"]
[WhiteTeamCountry "SVK"]
[BlackTeamCountry "SVK"]

1. e4 c5 2. Ne2 d6 3. g3 Nf6 4. Bg2 Nc6 5. d4 cxd4 6. Nxd4 e5 7. Nxc6 bxc6 8. 0-0 Be7 9. c4 0-0 10. b3 Bb7 11. Nc3 Qc7 12. Bg5 1/2-1/2